[Event "SVM_Verbandsliga_West_2023-24"]
[Site "?"]
[Date "2023.09.24"]
[Round "2.8"]
[White "Kroll, Siegfried"]
[Black "Langen, Ralf"]
[Result "1/2-1/2"]
[WhiteElo "1613"]
[BlackElo "1694"]
[PlyCount "74"]
[EventDate "2023.09.24"]
[WhiteTeam "SF Brand 1"]
[BlackTeam "SG Kohlscheid 1"]

1. d4 g6 2. Nf3 Bg7 3. Bg5 c6 4. e3 d5 5. Be2 Qb6 6. Qc1 Bg4 7. Nbd2 Nd7 8. h3 Bxf3 9. Nxf3 c5 10. c3 Ngf6 11. Nd2 O-O 12. Qc2 e5 13. dxe5 Nxe5 14. Bf4 Nc6 15. O-O Nh5 16. Bxh5 gxh5 17. Rab1 d4 18. Qf5 Ne7 19. Qxh5 Rad8 20. exd4 cxd4 21. Nf3 Rd5 22. Qg4 h5 23. Qg3 Nf5 24. Qh2 d3 25. g4 Qg6 26. Qg2 hxg4 27. Qxg4 Qxg4+ 28. hxg4 Nh6 29. Bxh6 Bxh6 30. Nd4 Bf4 31. Rbd1 d2 32. Kg2 Re8 33. Kf3 Bg5 34. Rh1 a6 35. Rhf1 Kh7 36. Nf5 Kg6 37. Nd4 b5 {(=)} 1/2-1/2

[Event "SVM_Verbandsliga_West_2023-24"]
[Site "?"]
[Date "2023.11.05"]
[Round "3.1"]
[White "Huhndorf, Arnold"]
[Black "Hüskens, Gerd"]
[Result "1-0"]
[WhiteElo "2203"]
[BlackElo "1816"]
[PlyCount "65"]
[EventDate "2023.11.05"]
[WhiteTeam "Turm Bergheim 1"]
[BlackTeam "SG Kohlscheid 1"]

1. Nf3 g6 2. d4 Bg7 3. c4 Nf6 4. Nc3 O-O 5. e4 d6 6. h3 Nc6 7. Be3 a6 8. Be2 e5 9. d5 Ne7 10. Nd2 h6 11. h4 Ne8 12. g4 f5 13. f3 f4 14. Bf2 a5 15. c5 dxc5 16. Bxc5 Nd6 17. Nb5 Ne8 18. Nc4 b6 19. d6 bxc5 20. dxe7 Qxd1+ 21. Rxd1 Rf7 22. Rd8 Rxe7 23. Nxa5 Rxa5 24. Rxc8 Kh7 25. a3 Bf6 26. g5 Bg7 27. Kf2 Ra4 28. Rd1 Rd4 29. Nxd4 exd4 30. Rd8 Nd6 31. b3 hxg5 32. hxg5 Be5 33. Bc4 1-0

[Event "SVM_Verbandsliga_West_2023-24"]
[Site "?"]
[Date "2023.11.05"]
[Round "3.2"]
[White "Gronloh, Carsten"]
[Black "Härtel, Stephan"]
[Result "1/2-1/2"]
[WhiteElo "1947"]
[BlackElo "1958"]
[PlyCount "101"]
[EventDate "2023.11.05"]
[WhiteTeam "SG Kohlscheid 1"]
[BlackTeam "Turm Bergheim 1"]

1. c4 Nf6 2. Nf3 g6 3. Nc3 d5 4. e3 Bg7 5. Be2 c5 6. d4 O-O 7. O-O dxc4 8. Bxc4 Nbd7 9. Qb3 e6 10. Rd1 Qb6 11. d5 exd5 12. Nxd5 Nxd5 13. Bxd5 Qxb3 14. Bxb3 Nb6 15. e4 c4 16. Bc2 Bd7 17. Be3 Ba4 18. Bxa4 Nxa4 19. e5 Nxb2 20. Rdc1 Nd3 21. Rxc4 Nxe5 22. Nxe5 Bxe5 23. Rb1 b6 24. g3 Rfe8 25. Rb5 Rad8 26. Ra4 Rd7 27. Re4 Rde7 28. Rc4 Bf6 29. Rc6 Re6 30. Rc7 R8e7 31. Rc8+ Kg7 32. Rd5 Rb7 33. Rc4 b5 34. Rb4 a6 35. a4 Be7 36. Bc5 Bf6 37. axb5 Rxb5 38. Rxb5 axb5 39. Be3 b4 40. Rb5 Bc3 41. Kf1 Re5 42. Rb7 Rd5 43. Ke2 h6 44. Rb6 g5 45. h4 f6 46. hxg5 hxg5 47. g4 Kf7 48. f4 gxf4 49. Bxf4 Ke7 50. Be3 Kd7 51. Bf4 1/2-1/2

[Event "SVM_Verbandsliga_West_2023-24"]
[Site "?"]
[Date "2023.11.05"]
[Round "3.3"]
[White "Bergmann, Thomas"]
[Black "Freer, Glenn"]
[Result "1/2-1/2"]
[WhiteElo "1815"]
[BlackElo "1899"]
[PlyCount "66"]
[EventDate "2023.11.05"]
[WhiteTeam "Turm Bergheim 1"]
[BlackTeam "SG Kohlscheid 1"]

1. d4 Nf6 2. Nf3 c5 3. e3 g6 4. b3 Bg7 5. Bb2 O-O 6. Be2 d6 7. O-O Nc6 8. dxc5 dxc5 9. Nbd2 Qc7 10. a3 Rd8 11. Qc1 a6 12. Nc4 b5 13. Nce5 Nxe5 14. Bxe5 Qb6 15. Qb2 Bb7 16. Rfd1 Bh6 17. Bxf6 exf6 18. Rxd8+ Rxd8 19. Rd1 Bg7 20. Qc1 f5 21. c4 Bf6 22. Rxd8+ Bxd8 23. Qd2 Bf6 24. Qd7 Qc6 25. Qxc6 Bxc6 26. cxb5 axb5 27. Bd1 Kf8 28. Kf1 Ke7 29. Ke2 Kd6 30. Kd2 Kc7 31. a4 bxa4 32. bxa4 Kb6 33. Kd3 Bd5 {(=)} 1/2-1/2

[Event "SVM_Verbandsliga_West_2023-24"]
[Site "?"]
[Date "2023.11.05"]
[Round "3.4"]
[White "Kunstek, Walter"]
[Black "Buller, Ivan"]
[Result "1-0"]
[WhiteElo "1850"]
[BlackElo "1867"]
[PlyCount "83"]
[EventDate "2023.11.05"]
[WhiteTeam "SG Kohlscheid 1"]
[BlackTeam "Turm Bergheim 1"]

1. e4 e5 2. Nf3 Nf6 3. Nc3 Nc6 4. Bc4 Nxe4 5. Bxf7+ Kxf7 6. Nxe4 d5 7. Neg5+ Kg8 8. d4 h6 9. Nh3 Bg4 10. dxe5 Nxe5 11. Nhg1 Nxf3+ 12. Nxf3 c6 13. h3 Qa5+ 14. c3 Re8+ 15. Kd2 Bxf3 16. Qxf3 d4 17. Kc2 dxc3 18. b3 g6 19. Qd3 Qf5 20. Qxf5 gxf5 21. Be3 Bg7 22. g3 Kf7 23. Rad1 Re7 24. Rd6 Be5 25. Rxh6 Rxh6 26. Bxh6 Bf6 27. Be3 a6 28. Rd1 Bg7 29. h4 Be5 30. Rd8 Bf6 31. Rd3 Ke6 32. Bc5 Rd7 33. Rxd7 Kxd7 34. Bb4 Bd4 35. f3 Ke6 36. h5 Bf2 37. g4 fxg4 38. fxg4 Kf6 39. Bxc3+ Kg5 40. Bd2+ Kf6 41. Kd3 b5 42. Ke4 1-0

[Event "SVM_Verbandsliga_West_2023-24"]
[Site "?"]
[Date "2023.11.05"]
[Round "3.5"]
[White "Lambertz, Walter"]
[Black "Orlowski, Julius"]
[Result "1-0"]
[WhiteElo "1807"]
[BlackElo "1806"]
[PlyCount "67"]
[EventDate "2023.11.05"]
[WhiteTeam "Turm Bergheim 1"]
[BlackTeam "SG Kohlscheid 1"]

1. b3 d5 2. Bb2 Nf6 3. Nf3 Bf5 4. d3 c5 5. Nbd2 Nc6 6. e3 Qc7 7. Qe2 Bg6 8. e4 d4 9. e5 Nd5 10. e6 f6 11. g3 Ncb4 12. Nc4 b5 13. a3 Nc6 14. Ncd2 Nc3 15. Bxc3 dxc3 16. Ne4 Bh5 17. Qe3 Bxf3 18. Qxf3 Nd4 19. Nxf6+ exf6 20. Qxa8+ Ke7 21. O-O-O g6 22. f4 Bg7 23. Qg2 Rb8 24. Qd5 Rd8 25. Qg2 a5 26. Qh3 h6 27. Qg4 Nxe6 28. Re1 Qc6 29. Bh3 Rd6 30. f5 g5 31. fxe6 a4 32. Qh5 Rd8 33. Qf7+ Kd6 34. e7 1-0

[Event "SVM_Verbandsliga_West_2023-24"]
[Site "?"]
[Date "2023.11.05"]
[Round "3.6"]
[White "Fainberg, Jakob"]
[Black "Titz, Stefan"]
[Result "0-1"]
[WhiteElo "1774"]
[BlackElo "1768"]
[PlyCount "91"]
[EventDate "2023.11.05"]
[WhiteTeam "SG Kohlscheid 1"]
[BlackTeam "Turm Bergheim 1"]

1. d4 d5 2. Nf3 Nf6 3. Bf4 e6 4. e3 Bd6 5. Ne5 O-O 6. Bd3 c5 7. dxc5 Bxc5 8. c3 Nc6 9. Nd2 Nxe5 10. Bxe5 Bd6 11. Bg3 e5 12. e4 Be6 13. O-O Re8 14. Qc2 Qb6 15. exd5 Bxd5 16. Nc4 Qc7 17. Nxd6 Qxd6 18. Rfe1 Qc6 19. f3 e4 {(=)} 20. fxe4 Bxe4 21. Rad1 Bxd3 22. Rxd3 Rxe1+ 23. Bxe1 Qe4 24. Bf2 Re8 25. h3 a6 26. Qd1 h6 27. Re3 Qc6 28. Qe2 Ne4 29. Kh2 Nf6 {(=)} 30. g3 Rxe3 31. Qxe3 Ne4 32. Be1 h5 33. b3 f6 34. Qd4 Ng5 35. Qd8+ Kh7 36. Qd3+ g6 37. Kg1 Nxh3+ 38. Kh2 Ng5 39. Bf2 Nf3+ 40. Kh3 Ne1 41. Qf1 Qe6+ 42. Kh2 Nf3+ 43. Kh1 Qe4 44. Qh3 Kh6 45. Qf1 g5 46. Bd4 0-1

[Event "SVM_Verbandsliga_West_2023-24"]
[Site "?"]
[Date "2023.11.05"]
[Round "3.7"]
[White "Brügge, Sebastian"]
[Black "Stakenburg, Alexander"]
[Result "0-1"]
[WhiteElo "1600"]
[BlackElo "1758"]
[PlyCount "72"]
[EventDate "2023.11.05"]
[WhiteTeam "Turm Bergheim 1"]
[BlackTeam "SG Kohlscheid 1"]

1. d4 Nf6 2. c4 d5 3. Nc3 c6 4. Nf3 dxc4 5. a4 Nbd7 6. e4 e6 7. e5 Nd5 8. Bxc4 Bb4 9. Bd2 Qa5 10. Ne4 O-O 11. O-O N7b6 12. Bd3 Rd8 13. Nd6 Bxd2 14. Nxd2 Rxd6 15. exd6 Qb4 16. a5 Nd7 17. Nc4 b5 18. axb6 N7xb6 19. Qc2 Nxc4 20. Qxc4 Qxd6 21. Qc5 Qb8 22. Qxc6 Bb7 23. Qc2 Nf6 24. Rfe1 Qf4 25. h3 Qxd4 26. Rad1 Qf4 27. Qd2 Qh4 28. Be4 Nxe4 29. Qd4 g5 30. f3 Ng3 31. Qf6 Bd5 32. Rd4 Nh5 33. Qe5 Nf4 34. Qf6 Qxe1+ 35. Kh2 Ng6 36. Qxg5 Qe5+ 0-1

[Event "SVM_Verbandsliga_West_2023-24"]
[Site "?"]
[Date "2023.11.05"]
[Round "3.8"]
[White "Lagemann, Tobias"]
[Black "Komanns, Christoph"]
[Result "1/2-1/2"]
[WhiteElo "1733"]
[BlackElo "1528"]
[PlyCount "75"]
[EventDate "2023.11.05"]
[WhiteTeam "SG Kohlscheid 1"]
[BlackTeam "Turm Bergheim 1"]

1. d4 Nf6 2. Nf3 d5 3. g3 Bf5 4. Bg2 e6 5. O-O Nbd7 6. Bg5 Be7 7. c3 Ne4 8. Bxe7 Qxe7 9. Nbd2 Nxd2 10. Nxd2 O-O 11. e4 dxe4 12. Nxe4 Bxe4 13. Bxe4 c6 14. Re1 Nf6 15. Bg2 Rad8 16. Qc2 Rd7 17. Rad1 Rfd8 18. Bh3 c5 19. dxc5 Rxd1 20. Rxd1 Rxd1+ 21. Qxd1 Qxc5 22. Qd8+ Qf8 23. Qc7 Qa8 24. Bg2 Nd5 25. Qd7 Qb8 26. Bxd5 exd5 27. Qxd5 g6 28. c4 Qc7 29. b4 Qe7 30. Qd2 b6 31. a3 Qe5 32. Qe3 Qf6 33. f4 Qa1+ 34. Kg2 Qa2+ 35. Kh3 Qxc4 36. Qe8+ Kg7 37. Qe5+ f6 38. Qe7+ {(=)} 1/2-1/2

[Event "SVM_Verbandsliga_West_2023-24"]
[Site "?"]
[Date "2023.11.05"]
[Round "3.1"]
[White "Röder, Matthias"]
[Black "Pick, Max"]
[Result "1-0"]
[WhiteElo "2337"]
[BlackElo "1853"]
[PlyCount "77"]
[EventDate "2023.11.05"]
[WhiteTeam "SF Brand 1"]
[BlackTeam "SK Kerpen 1"]

1. Nf3 c5 2. c4 Nc6 3. d4 cxd4 4. Nxd4 Nf6 5. Nc3 e6 6. a3 Be7 7. e4 d6 8. Be2 e5 9. Nc2 Be6 10. O-O Rc8 11. b3 h6 12. Be3 g5 13. Nb4 b6 14. Qd3 O-O 15. Nbd5 Na5 16. Nxf6+ Bxf6 17. Nd5 Bg7 18. Bd2 Nc6 19. Ne3 Qd7 20. Bc3 f5 21. exf5 Bxf5 22. Nxf5 Qxf5 23. Qxf5 Rxf5 24. Bg4 Rcf8 25. Bxf5 Rxf5 26. Rad1 Nd4 27. Bxd4 exd4 28. Rfe1 Kf7 29. Rd3 Re5 30. Kf1 Ke6 31. Re2 Kd7 32. Rf3 Rxe2 33. Kxe2 Ke6 34. h3 a5 35. Kd3 h5 36. Ke4 Be5 37. g4 h4 38. Rf5 d3 39. Kxd3 1-0

[Event "SVM_Verbandsliga_West_2023-24"]
[Site "?"]
[Date "2023.11.05"]
[Round "3.2"]
[White "Vogel, Heike"]
[Black "Meissner, Thomas"]
[Result "1-0"]
[WhiteElo "1996"]
[BlackElo "1984"]
[PlyCount "39"]
[EventDate "2023.11.05"]
[WhiteTeam "SK Kerpen 1"]
[BlackTeam "SF Brand 1"]

1. d4 g6 2. e4 Bg7 3. Bc4 d6 4. Nc3 b6 5. Nf3 e6 6. Qe2 Ne7 7. Bg5 a5 8. Rd1 Ba6 9. Bxa6 Nxa6 10. e5 h6 11. d5 Nc5 12. dxe6 Nxe6 13. Bxe7 Qxe7 14. Nd5 Qd8 15. exd6 cxd6 16. Qb5+ Kf8 17. O-O Rb8 18. Rfe1 Kg8 19. Qc6 Rc8 20. Qxc8 1-0

[Event "SVM_Verbandsliga_West_2023-24"]
[Site "?"]
[Date "2023.11.05"]
[Round "3.3"]
[White "Bozidarevic, Slobodjan"]
[Black "Schauff, Lutz"]
[Result "1-0"]
[WhiteElo "1856"]
[BlackElo "1974"]
[PlyCount "51"]
[EventDate "2023.11.05"]
[WhiteTeam "SF Brand 1"]
[BlackTeam "SK Kerpen 1"]

1. Nf3 Nf6 2. b3 g6 3. Bb2 Bg7 4. e3 O-O 5. Be2 d6 6. d4 Nbd7 7. Nbd2 c6 8. e4 Qc7 9. O-O e5 10. dxe5 dxe5 11. Bd3 Nh5 12. Re1 Rd8 13. g3 Nc5 14. Bf1 Bg4 15. Qe2 Rxd2 16. Qxd2 Bxf3 17. Qe3 Nxe4 18. Qxf3 Nd2 19. Qe3 Nxf1 20. Kxf1 f6 21. Rad1 Qa5 22. a4 Bf8 23. Bc3 Qa6+ 24. Qd3 Qb6 25. a5 Qc5 26. Qc4+ 1-0

[Event "SVM_Verbandsliga_West_2023-24"]
[Site "?"]
[Date "2023.11.05"]
[Round "3.4"]
[White "Schmitz, Rolf"]
[Black "Weischenberg, Jürgen"]
[Result "1-0"]
[WhiteElo "1955"]
[BlackElo "1825"]
[PlyCount "111"]
[EventDate "2023.11.05"]
[WhiteTeam "SK Kerpen 1"]
[BlackTeam "SF Brand 1"]

1. c4 e6 2. Nc3 d5 3. cxd5 exd5 4. d4 Nf6 5. Nf3 Be7 6. Bg5 O-O 7. e3 h6 8. Bh4 Re8 9. Bd3 c6 10. Ne5 Ne4 11. Bg3 Bb4 12. Qb3 Bxc3+ 13. bxc3 Qb6 14. Bxe4 Qxb3 15. axb3 dxe4 16. Nc4 Na6 17. O-O Re7 18. Rfb1 Bg4 19. Rb2 Nc7 20. Bxc7 Rxc7 21. Nb6 Rd8 22. Rxa7 c5 23. h3 cxd4 24. cxd4 Be6 25. d5 Rd6 26. Ra8+ Kh7 27. dxe6 Rxb6 28. exf7 Rxf7 29. b4 Rf5 30. Re8 Rg6 31. Rxe4 b5 32. Rd2 Ra6 33. g4 Rg6 34. Kh2 Rf3 35. Re5 Rb6 36. Kg2 Rf7 37. Rdd5 Rfb7 38. f4 Kg6 39. h4 Kh7 40. f5 Kg8 41. Rd8+ Kf7 42. Ree8 Rc6 43. Rf8+ Ke7 44. Rde8+ Kd7 45. Rf7+ Kxe8 46. Rxb7 Rc4 47. Kf3 Rxb4 48. Rxg7 Rc4 49. Rh7 Rc6 50. Rb7 Rc5 51. f6 Kf8 52. Kf4 Kg8 53. g5 Rc4+ 54. e4 hxg5+ 55. hxg5 b4 56. g6 1-0

[Event "SVM_Verbandsliga_West_2023-24"]
[Site "?"]
[Date "2023.11.05"]
[Round "3.5"]
[White "Offermanns, Robert"]
[Black "Jakubczyk, Dietmar"]
[Result "0-1"]
[WhiteElo "1833"]
[BlackElo "1795"]
[PlyCount "100"]
[EventDate "2023.11.05"]
[WhiteTeam "SF Brand 1"]
[BlackTeam "SK Kerpen 1"]

1. d4 g6 2. Bf4 Bg7 3. e3 d6 4. Nf3 e6 5. Nbd2 Ne7 6. Be2 O-O 7. O-O Nd7 8. h3 b6 9. c4 Bb7 10. Rc1 Rb8 11. b4 e5 12. Bh2 exd4 13. exd4 Nc6 14. c5 dxc5 15. dxc5 bxc5 16. bxc5 Bb2 17. Rc2 Ba3 18. Nb3 Qc8 19. Bb5 Rd8 20. Qe2 Nb4 21. Rd2 Bxf3 22. gxf3 Nf8 23. Rxd8 Qxd8 24. Rd1 Qg5+ 25. Bg3 Ne6 26. h4 Qf5 27. Bd7 Nd5 28. Qe5 Qxe5 29. Bxe5 Ndf4 30. Kh2 Rd8 31. c6 Be7 32. Kg3 Nh5+ 33. Kh3 Kf8 34. Rd2 Bb4 35. Rc2 Nhg7 36. Rc4 Be7 37. Nd4 Nxd4 38. Rxd4 Ne6 39. Ra4 Bc5 40. Bxe6 fxe6 41. Bxc7 Rc8 42. Bg3 Rxc6 43. Rc4 Ke7 44. Kg4 Kd7 45. Rf4 Ke7 46. Kg5 Ba3 47. Ra4 Bc1+ 48. f4 Rc5+ 49. Kh6 a5 50. Re4 Kf7 0-1

[Event "SVM_Verbandsliga_West_2023-24"]
[Site "?"]
[Date "2023.11.05"]
[Round "3.6"]
[White "Hartl, Jan"]
[Black "Henning, Karl-Heinz"]
[Result "1-0"]
[WhiteElo "1377"]
[BlackElo "1776"]
[PlyCount "45"]
[EventDate "2023.11.05"]
[WhiteTeam "SK Kerpen 1"]
[BlackTeam "SF Brand 1"]

1. e4 c5 2. Nc3 Nc6 3. f4 g6 4. Bc4 Bg7 5. Nf3 e6 6. O-O Nge7 7. d3 O-O 8. Qe1 b6 9. Qh4 Nd4 10. f5 Nxf3+ 11. Rxf3 exf5 12. Bg5 Re8 13. Nd5 fxe4 14. dxe4 h6 15. Bxe7 g5 16. Bxd8 gxh4 17. Nf6+ Bxf6 18. Bxf6 Bb7 19. Bd5 Bxd5 20. exd5 Re2 21. Rf2 Rae8 22. Raf1 h3 23. gxh3 1-0

[Event "SVM_Verbandsliga_West_2023-24"]
[Site "?"]
[Date "2023.11.05"]
[Round "3.7"]
[White "Akingboye, Michael"]
[Black "Rahi, Zafar"]
[Result "0-1"]
[WhiteElo "1651"]
[BlackElo "1710"]
[PlyCount "180"]
[EventDate "2023.11.05"]
[WhiteTeam "SF Brand 1"]
[BlackTeam "SK Kerpen 1"]

1. d4 c5 2. d5 Nf6 3. c4 d6 4. Nc3 g6 5. Bf4 Nbd7 6. Nf3 Bg7 7. e3 a6 8. a4 O-O 9. Be2 b6 10. O-O h6 11. h3 Re8 12. Rc1 Qc7 13. e4 Nh7 14. Qd2 g5 15. Bh2 f6 16. h4 Rf8 17. Bg3 Rf7 18. Ne1 Bf8 19. f4 Rg7 20. Bg4 Nb8 21. Be6+ Bxe6 22. dxe6 Nc6 23. Nd5 Qb7 24. Bf2 Nd8 25. f5 Nc6 26. Nd3 a5 27. Ne3 Kh8 28. Ng4 Rg8 29. Be3 h5 30. Nh2 g4 31. Nf4 Ne5 32. Qc2 Bh6 33. Nd5 Bxe3+ 34. Nxe3 Rg7 35. Nd5 Nf8 36. Rfd1 Rb8 37. Nf4 Rh7 38. Nf1 Qc8 39. Ng3 Qe8 40. Qd2 Kg7 41. Rc3 Rh6 42. Qe2 Kh7 43. Ra1 Kg7 44. Rb3 Rb7 45. Rb5 Nc6 46. Rd1 Nd4 47. Rxd4 cxd4 48. Qd1 Kh7 49. Qxd4 Qb8 50. Ngxh5 Qe8 51. Ng3 Rxh4 52. Nd5 Qb8 53. Rxb6 Qa7 54. Ne2 Kh8 55. Rxb7 Qxb7 56. Qb6 Qa8 57. Ng3 Rh7 58. b4 axb4 59. Qxb4 Qa7+ 60. Kf1 Qd4 61. a5 Qa1+ 62. Kf2 Qa2+ 63. Kf1 Rh2 64. Ne3 Qa1+ 65. Qe1 Qd4 66. Kf2 Qb2+ 67. Qe2 Qa3 68. Qd2 Qc5 69. Qa2 Kg7 70. a6 Qa7 71. Ke2 Rh8 72. Qa5 Nh7 73. Nxg4 Ng5 74. Ne3 Rb8 75. Qa3 Rb6 76. Nh5+ Kh6 77. Nf4 Rxa6 78. Ng4+ Kh7 79. Qg3 Ra2+ 80. Ke1 Qa5+ 81. Kf1 Ra1+ 82. Ke2 Qa2+ 83. Ke3 Qa7+ 84. Ke2 Ra2+ 85. Kf1 Qd4 86. Qh4+ Kg8 87. Nh6+ Kf8 88. Ng4 Qd1+ 89. Qe1 Qxg4 90. Ng6+ Kg7 0-1

[Event "SVM_Verbandsliga_West_2023-24"]
[Site "?"]
[Date "2023.11.05"]
[Round "3.8"]
[White "Römer, Leon"]
[Black "Naufal, Aqil Ainuddin"]
[Result "0-1"]
[WhiteElo "1182"]
[BlackElo "1657"]
[PlyCount "74"]
[EventDate "2023.11.05"]
[WhiteTeam "SK Kerpen 1"]
[BlackTeam "SF Brand 1"]

1. d4 d5 2. Nf3 Nf6 3. e3 e6 4. Bd3 c5 5. c3 Nbd7 6. Nbd2 b6 7. e4 dxe4 8. Nxe4 Bb7 9. Nxf6+ gxf6 10. Qe2 Rg8 11. O-O h5 12. Be4 Qc7 13. Bxb7 Qxb7 14. Re1 Bd6 15. Qe4 O-O-O 16. Bf4 Qxe4 17. Rxe4 f5 18. Bxd6 fxe4 19. Ne5 Nxe5 20. dxe5 f5 21. a4 Rg7 22. a5 Kb7 23. a6+ Kc6 24. c4 h4 25. b4 cxb4 26. Rb1 Rxd6 27. exd6 Kc5 28. Rd1 Rd7 29. Rb1 Rxd6 30. h3 Rd3 31. Kf1 b3 32. Ke2 f4 33. f3 Re3+ 34. Kd2 exf3 35. gxf3 Kxc4 36. Rc1+ Kb5 37. Ra1 Rxf3 0-1

[Event "SVM_Verbandsliga_West_2023-24"]
[Site "?"]
[Date "2023.11.05"]
[Round "3.1"]
[White "Bien, Stefan"]
[Black "Whitmire, James David"]
[Result "1-0"]
[WhiteElo "2055"]
[BlackElo "1990"]
[PlyCount "111"]
[EventDate "2023.11.05"]
[WhiteTeam "SV Horrem 1"]
[BlackTeam "PTSV Aachen 1"]

1. d4 Nf6 2. Nf3 g6 3. Bg5 Bg7 4. e3 O-O 5. Nbd2 d6 6. c3 c5 7. dxc5 dxc5 8. Bxf6 exf6 9. Bc4 Nc6 10. O-O g5 11. Qc2 g4 12. Nh4 Ne5 13. Rad1 f5 14. Nxf5 Qg5 15. Nxg7 Kxg7 16. Qe4 Re8 17. Qf4 Qxf4 18. exf4 Nxc4 19. Nxc4 Re4 20. Nd6 Re2 21. Rfe1 Rxe1+ 22. Rxe1 Be6 23. b3 b6 24. c4 Kf6 25. Rd1 Rd8 26. Ne4+ Ke7 27. Rxd8 Kxd8 28. Kf1 Bf5 29. Nc3 Bd3+ 30. Ke1 a6 31. Nd5 b5 32. Ne3 Be4 33. Kd2 b4 34. Nxg4 Bxg2 35. Ne5 Ke7 36. Ke3 f6 37. Nd3 Kd6 38. f3 a5 39. Ke2 Bh3 40. Nf2 Bf5 41. Ne4+ Kc6 42. Kd2 Bg6 43. Nxf6 a4 44. Ne4 a3 45. Ng3 Bf7 46. Kd3 Be6 47. f5 Bd7 48. f4 h6 49. f6 Be6 50. f5 Bf7 51. Ne4 Bg8 52. Nf2 Kd6 53. Ng4 h5 54. Nh6 Bh7 55. Ke4 h4 56. h3 1-0

[Event "SVM_Verbandsliga_West_2023-24"]
[Site "?"]
[Date "2023.11.05"]
[Round "3.2"]
[White "Esser, Thomas"]
[Black "Hannaske, Arno"]
[Result "1/2-1/2"]
[WhiteElo "2089"]
[BlackElo "2097"]
[PlyCount "86"]
[EventDate "2023.11.05"]
[WhiteTeam "PTSV Aachen 1"]
[BlackTeam "SV Horrem 1"]

1. d4 d5 2. Nf3 Nf6 3. c4 e6 4. g3 Be7 5. Bg2 O-O 6. O-O a5 7. Qc2 Nc6 8. a3 dxc4 9. Qxc4 a4 10. Bg5 h6 11. Bxf6 Bxf6 12. e3 Bd7 13. Qc2 Na5 14. Nc3 Nb3 15. Rad1 Qc8 16. Ne4 Be7 17. Ne5 Be8 18. Nd3 Bc6 19. Nec5 Bxg2 20. Kxg2 Nxc5 21. Nxc5 Bxc5 22. Qxc5 Rd8 23. Rc1 c6 24. Qb4 Rd5 25. Rc5 Qd7 26. Rfc1 g6 27. Kg1 h5 28. h4 Ra6 29. R1c3 Qc7 30. Qb5 Rxc5 31. Qxc5 Qb6 32. Rc2 Qb3 33. Qc4 Rb6 34. Kf1 Qxc4+ 35. Rxc4 Rxb2 36. Rxa4 Ra2 37. Rb4 b5 38. Rb3 Kf8 39. Rc3 Ke7 40. Rxc6 Rxa3 41. Rb6 Rb3 42. e4 Rd3 43. Rxb5 Rxd4 {(=)} 1/2-1/2

[Event "SVM_Verbandsliga_West_2023-24"]
[Site "?"]
[Date "2023.11.05"]
[Round "3.3"]
[White "Schulz, Wilhelm"]
[Black "Brüggemann, Frank"]
[Result "1/2-1/2"]
[WhiteElo "2009"]
[BlackElo "2003"]
[PlyCount "53"]
[EventDate "2023.11.05"]
[WhiteTeam "SV Horrem 1"]
[BlackTeam "PTSV Aachen 1"]

1. e4 c5 2. Nf3 Nc6 3. c3 Nf6 4. e5 Nd5 5. Bc4 e6 6. O-O d6 7. d4 Be7 8. Qe2 Nb6 9. Bb3 O-O 10. dxc5 dxc5 11. Rd1 Qc7 12. Bf4 Rd8 13. Nbd2 Nd7 14. h4 a6 15. Re1 b5 16. Ng5 Nf8 17. Bc2 f6 18. exf6 Qxf4 19. fxe7 Nxe7 20. Ndf3 h6 21. Ne4 c4 22. Rad1 Bb7 23. g3 Qc7 24. Rxd8 Rxd8 25. Rd1 Bd5 26. Ned2 Nc6 27. Re1 {(=)} 1/2-1/2

[Event "SVM_Verbandsliga_West_2023-24"]
[Site "?"]
[Date "2023.11.05"]
[Round "3.4"]
[White "Müller, Norbert"]
[Black "Krings, Thomas"]
[Result "1/2-1/2"]
[WhiteElo "2051"]
[BlackElo "2016"]
[PlyCount "94"]
[EventDate "2023.11.05"]
[WhiteTeam "PTSV Aachen 1"]
[BlackTeam "SV Horrem 1"]

1. d4 d5 2. c4 e6 3. Nc3 Nf6 4. Bg5 Be7 5. Nf3 Nbd7 6. e3 h6 7. Bh4 O-O 8. Bd3 dxc4 9. Bxc4 c5 10. O-O a6 11. a4 b6 12. d5 exd5 13. Nxd5 Nxd5 14. Bxd5 Ra7 15. Bg3 Nf6 16. Bc4 Ne4 17. Qb3 Nxg3 18. hxg3 Bf6 19. Rad1 Qc7 20. Rd2 Bd7 21. Rfd1 Bc6 22. Bd5 Be8 23. Nh4 Kh7 24. f4 b5 25. axb5 axb5 26. Qc2+ Kh8 27. Nf3 c4 28. e4 c3 29. bxc3 Bxc3 30. Rc1 b4 31. Kh2 Qb6 32. Rd3 Ra3 33. Rb1 Bb5 34. Rdd1 Ba4 35. Bb3 Ra8 36. Bxa4 R8xa4 37. Rdc1 Qe3 38. Ne5 Bxe5 39. Qc8+ Kh7 40. Qf5+ g6 41. Qxf7+ Bg7 42. Rc7 Qxg3+ 43. Kg1 Qe3+ 44. Kh1 Qd4 45. e5 Rh3+ 46. gxh3 Qe4+ 47. Kh2 Qe2+ {(=)} 1/2-1/2

[Event "SVM_Verbandsliga_West_2023-24"]
[Site "?"]
[Date "2023.11.05"]
[Round "3.5"]
[White "Allatif, Kinan"]
[Black "Krohn, Malte Till"]
[Result "0-1"]
[WhiteElo "1894"]
[BlackElo "1839"]
[PlyCount "62"]
[EventDate "2023.11.05"]
[WhiteTeam "SV Horrem 1"]
[BlackTeam "PTSV Aachen 1"]

1. d4 d5 2. Nf3 Nf6 3. c4 dxc4 4. Nc3 c6 5. e3 b5 6. Ne5 e6 7. Qf3 Qb6 8. g4 Bd6 9. Nxf7 Kxf7 10. g5 Nbd7 11. Bh3 Rf8 12. Rg1 Bb7 13. gxf6 Nxf6 14. Qg2 g6 15. Ne4 Nxe4 16. Qxe4 Rae8 17. Qh4 Kg8 18. Qh6 Rf6 19. Bd2 b4 20. Rc1 e5 21. Qh4 Ref8 22. dxe5 Bxe5 23. Qxc4+ Kh8 24. Bxb4 Rxf2 25. Bc5 Qxb2 26. Bb4 c5 27. Rxg6 Qxb4+ 28. Qxb4 cxb4 29. Rgc6 Bxc6 30. Rxc6 Bc3+ 31. Kd1 Rg8 0-1

[Event "SVM_Verbandsliga_West_2023-24"]
[Site "?"]
[Date "2023.11.05"]
[Round "3.6"]
[White "Klein, Gernot"]
[Black "Fuhs, Jürgen"]
[Result "0-1"]
[WhiteElo "1784"]
[BlackElo "2070"]
[PlyCount "128"]
[EventDate "2023.11.05"]
[WhiteTeam "PTSV Aachen 1"]
[BlackTeam "SV Horrem 1"]

1. e4 c5 2. Nf3 e6 3. d4 cxd4 4. Nxd4 a6 5. Bd3 Nf6 6. O-O Qc7 7. Qe2 d6 8. a4 Nc6 9. Nxc6 bxc6 10. a5 Be7 11. Nd2 O-O 12. Nc4 Nd7 13. Be3 c5 14. Bf4 Bb7 15. c3 Qc6 16. f3 Rfe8 17. Bc2 Rad8 18. Ba4 Qc7 19. Nb6 Bc6 20. Bxc6 Qxc6 21. Nxd7 Rxd7 22. Rfd1 d5 23. Qc2 {(=)} Red8 24. exd5 Rxd5 25. Rxd5 Qxd5 26. Qe2 c4 27. Be3 Bc5 28. Bxc5 Qxc5+ 29. Kf1 g6 30. Ra4 Rd3 31. Ra1 Qd5 32. Qe4 Qb5 33. Qe2 h5 34. Qf2 Rd6 35. g3 Kg7 36. Qe2 Rd5 37. Qf2 Rd3 38. Qb6 Qd5 39. Kg1 Qxf3 40. Rf1 Qd5 41. Qc7 e5 42. Qe7 Qe6 43. Qxe6 fxe6 44. Re1 Kf6 45. Re4 Rd1+ 46. Kg2 Rd2+ 47. Kg1 Rxb2 48. Rxc4 Rb5 49. Ra4 Rc5 50. c4 Kf5 51. Kf2 Ke4 52. Rb4 Rxa5 53. Rb6 Ra2+ 54. Kg1 Kf5 55. c5 a5 56. c6 Rc2 57. Ra6 a4 58. Rxa4 Rxc6 59. Ra8 e4 60. Rf8+ Ke5 61. Rg8 e3 62. Rxg6 Rc1+ 63. Kg2 e2 64. Rg5+ Kf6 0-1

[Event "SVM_Verbandsliga_West_2023-24"]
[Site "?"]
[Date "2023.11.05"]
[Round "3.7"]
[White "Rechner, Klaus"]
[Black "Fournell, Udo"]
[Result "1-0"]
[WhiteElo "2034"]
[BlackElo "1788"]
[PlyCount "81"]
[EventDate "2023.11.05"]
[WhiteTeam "SV Horrem 1"]
[BlackTeam "PTSV Aachen 1"]

1. Nf3 Nf6 2. c4 c5 3. g3 d5 4. cxd5 Nxd5 5. Bg2 Nc6 6. Nc3 Nc7 7. Qa4 Bd7 8. Qe4 g6 9. Ne5 Bg7 10. Nxd7 Qxd7 11. O-O O-O 12. e3 Rab8 13. Rd1 e6 14. d4 cxd4 15. exd4 Qe7 16. Bf4 Rbd8 17. d5 Nxd5 18. Nxd5 exd5 19. Rxd5 Rxd5 20. Qxd5 Rd8 21. Qe4 Qd7 22. Rb1 Re8 23. Qd5 Qe7 24. Be3 Qb4 25. a3 Qa4 26. Qd7 Rf8 27. Qxb7 Nd4 28. h4 a5 29. Kh2 Nf5 30. Bc5 Rd8 31. b3 Qe8 32. Qe4 Qb5 33. b4 a4 34. Re1 Bb2 35. Qc6 Qb8 36. b5 Nxh4 37. b6 Be5 38. b7 Nf5 39. Rc1 Bxg3+ 40. fxg3 Qxg3+ 41. Kg1 1-0

[Event "SVM_Verbandsliga_West_2023-24"]
[Site "?"]
[Date "2023.11.05"]
[Round "3.8"]
[White "Münstermann, Peter"]
[Black "Olschewski, Martin"]
[Result "0-1"]
[WhiteElo "1782"]
[BlackElo "1653"]
[PlyCount "46"]
[EventDate "2023.11.05"]
[WhiteTeam "PTSV Aachen 1"]
[BlackTeam "SV Horrem 1"]

1. d4 Nf6 2. Nf3 g6 3. c4 Bg7 4. Nc3 d5 5. e3 O-O 6. Bd2 b6 7. Rc1 c5 8. cxd5 cxd4 9. Nxd4 Nxd5 10. Bc4 Bb7 11. O-O Nf6 12. Qe2 Nbd7 13. Rfd1 Rc8 14. Be1 Qc7 15. Ncb5 Qb8 16. a3 Ne5 17. Ba2 a6 18. Nc3 b5 19. e4 Nc4 20. Bxc4 Rxc4 21. f3 Ng4 22. Bg3 Bxd4+ 23. Rxd4 Qa7 0-1